00446nam a2200169Ia 4500008004100000020001800041245003300059245005200092260001500144260001600159260000900175300001500184300002500199300001000224440003400234500000800268170705s9999 xx 000 0 und d a9780545054737 aCase of the sneaky snowman / cCarolyn Keene ; illustrated by Macky Pamintuan. aNew York : bScholastic, c2006 a84 pages : bcolor illustration ; c20cm. aNancy Drew and the clue crew. a480